|
|
|
|
| LEADER |
00000nab a2200000 a 4500 |
| 001 |
vtls000075454 |
| 003 |
SK-MaSNL |
| 005 |
20260304072920.0 |
| 008 |
250423c1980 xo 0 slo |
| 015 |
|
|
|a SNBRB19rr/mm-uuuuu
|
| 035 |
|
|
|a CL0085555
|
| 035 |
|
|
|a urn:nbn:sk:snk-aba9rq
|
| 035 |
|
|
|a (urnnbn)urn:nbn:sk:snk:ar-a09m2o
|
| 035 |
|
|
|a (uuid)1d3a4dd9-f0f6-4f2f-8613-80d1387622e9
|
| 040 |
|
|
|a SNKBUCL
|b slo
|c SNKBUCL
|e AACR2
|
| 041 |
0 |
|
|a slo
|
| 044 |
|
|
|a xo
|c SK
|
| 080 |
|
|
|a 621.7
|2 1981
|
| 100 |
1 |
|
|a Slavkovský, Ján,
|d 1941-
|4 aut
|9 211231
|
| 245 |
1 |
0 |
|a Výpočtový model deformácie celistvých skriňových stojanov tvárniacich jednotiek
|c Ján Slavkovský
|
| 300 |
|
|
|b Obr. 1. Tb. 6.
|
| 650 |
0 |
7 |
|a tvárnenie
|2 snkbucl
|9 19489
|
| 650 |
0 |
7 |
|a deformácia celistvých skriňových stojanov
|2 snkbucl
|9 1361200
|
| 650 |
0 |
7 |
|a výpočtové modely
|2 snkbucl
|9 1039948
|
| 655 |
|
7 |
|a články z novín a časopisov
|2 snkbucl
|9 267496
|
| 773 |
0 |
|
|t Trend VUMA
|g Roč. 11, č. 4 (1980), s. 4-15
|
| 850 |
|
|
|a Slovenská národná knižnica
|
| 852 |
|
|
|a Slovenská národná knižnica
|
| 954 |
|
|
|a odborná, vedecká literatúra pôvodná (slovenská)
|2 lita
|
| 958 |
|
|
|a article13
|
| 958 |
|
|
|a OND
|
| 958 |
|
|
|a RK
|
| 958 |
|
|
|a EUIPO
|
| 992 |
|
|
|a RBX
|
| 999 |
|
|
|c 2768513
|d 2770443
|